[Event "FRA-ch TT 1"]
[Site "FRA"]
[Date "2003.05.09"]
[Round "10.3"]
[White "Komarov, Dimitri"]
[Black "Kindermann, Stefan"]
[Result "1/2-1/2"]
[WhiteElo "2560"]
[BlackElo "2516"]
[PlyCount "31"]
[EventDate "2003.01.31"]
[EventType "team"]
[EventRounds "11"]
[EventCountry "FRA"]
[Source "Fruth,M"]
[SourceDate "2003.05.15"]
[WhiteTeam "Drancy"]
[BlackTeam "Nancy"]
[WhiteTeamCountry "FRA"]
[BlackTeamCountry "FRA"]

1. d4 f5 2. g3 Nf6 3. Bg2 g6 4. Nf3 Bg7 5. O-O O-O 6. c4 d6 7. Nc3 Qe8 8. Nd5
Nxd5 9. cxd5 Nd7 10. Ng5 Nb6 11. a4 c6 12. dxc6 bxc6 13. d5 c5 14. Qc2 Rb8 15.
Bd2 h6 16. Ne6 1/2-1/2

[Event "Asian Teams-ch"]
[Site "Jodhpur"]
[Date "2003.04.11"]
[Round "5"]
[White "Harikrishna, Penteala"]
[Black "Tu Hoang Thong"]
[Result "1/2-1/2"]
[WhiteElo "2563"]
[BlackElo "2506"]
[PlyCount "87"]
[EventDate "2003.04.07"]
[EventType "swiss"]
[EventRounds "9"]
[EventCountry "IND"]
[Source "Fruth,M"]
[SourceDate "2003.05.15"]

1. d4 f5 2. g3 Nf6 3. Bg2 g6 4. Nf3 Bg7 5. O-O O-O 6. Re1 Nc6 7. d5 Nb4 8. c4
c5 9. Nc3 d6 10. Bf4 Nh5 11. Bd2 Rb8 12. Qc1 Bd7 13. a3 Na6 14. Bh6 Nc7 15.
Bxg7 Kxg7 16. e4 e5 17. dxe6 Bxe6 18. exf5 Bxf5 19. Qd2 b5 20. cxb5 Nxb5 21.
Nxb5 Rxb5 22. Rad1 Qf6 23. Qxd6 Qxd6 24. Rxd6 Rxb2 25. Ng5 Nf6 26. Re7+ Kg8 27.
h3 Rb1+ 28. Kh2 Rb2 29. g4 Bc8 30. Rc7 Rxf2 31. Rxf6 R8xf6 32. Rxc8+ Rf8 33.
Rxc5 Ra2 34. Rc3 Rff2 35. Rg3 Rfe2 36. h4 h6 37. Nh3 Re4 38. Kg1 Ra1+ 39. Kh2
Ra4 40. Bd5+ Kf8 41. Rf3+ Ke7 42. Rf7+ Kd6 43. Bf3 R1xa3 44. Kg3 1/2-1/2

[Event "EU-ch 4"]
[Site "Istanbul"]
[Date "2003.06.12"]
[Round "12"]
[White "Andersson, Ulf"]
[Black "Guliev, Sarhan"]
[Result "1-0"]
[WhiteElo "2594"]
[BlackElo "2524"]
[PlyCount "91"]
[EventDate "2003.05.30"]
[EventType "swiss"]
[EventRounds "13"]
[EventCountry "TUR"]
[Source "Fruth,M"]
[SourceDate "2003.05.15"]

1. d4 f5 2. g3 Nf6 3. Bg2 g6 4. Nf3 Bg7 5. O-O O-O 6. c4 d6 7. Nc3 c6 8. d5 Qe8
9. e4 Nxe4 10. Nxe4 fxe4 11. Ng5 h6 12. Nxe4 Na6 13. Be3 c5 14. Bd2 g5 15. Bc3
Qg6 16. Qd2 Bg4 17. Rae1 Rf7 18. f3 Bf5 19. Re3 Nc7 20. Rfe1 b6 21. Nf2 Re8 22.
Bh3 Bxh3 23. Nxh3 Bxc3 24. bxc3 Ref8 25. Kg2 Qh7 26. f4 b5 27. cxb5 Nxb5 28.
fxg5 hxg5 29. R3e2 Qg7 30. Nxg5 Nxc3 31. Nxf7 Nxe2 32. Nh6+ Kh7 33. Rxe2 Rf6
34. Nf5 Rxf5 35. Qc2 Qg6 36. Rxe7+ Kg8 37. h3 a5 38. g4 Qg5 39. Rd7 Rf7 40.
Rxd6 Kg7 41. Qc3+ Kg8 42. Qd3 Kf8 43. Re6 Qf4 44. Qe2 c4 45. Re4 Qd6 46. Qxc4
1-0

[Event "Montpellier Masters Festival op"]
[Site "Montpellier"]
[Date "2003.??.??"]
[Round "4.3"]
[White "Marcelin, Cyril"]
[Black "Bauer, Christian"]
[Result "0-1"]
[WhiteElo "2503"]
[BlackElo "2589"]
[PlyCount "74"]
[EventDate "2003.07.07"]
[EventType "swiss"]
[EventRounds "7"]
[EventCountry "FRA"]
[Source "Fruth,M"]
[SourceDate "2003.05.15"]

1. d4 f5 2. g3 Nf6 3. Bg2 g6 4. c3 Bg7 5. Qb3 Nc6 6. Nd2 d5 7. Nh3 a5 8. a4 e6
9. Nf4 O-O 10. Nf3 Ne4 11. h4 Re8 12. Ng5 Qd6 13. Be3 Rb8 14. Nd3 b6 15. Bf4
Qe7 16. Nf3 Ba6 17. Nfe5 Nd8 18. f3 Bxd3 19. exd3 Nf6 20. g4 Nd7 21. g5 Nxe5
22. Bxe5 Bxe5 23. dxe5 f4 24. d4 c5 25. Bf1 cxd4 26. Bb5 dxc3 27. Bxe8 cxb2 28.
Qxb2 Qxe8 29. Qd4 Nc6 30. Qxf4 Qe7 31. Qf6 Qb4+ 32. Kf2 Nd4 33. Rab1 Qd2+ 34.
Kg3 Rf8 35. Rxb6 Nf5+ 36. Kh3 Rxf6 37. exf6 Qf4 0-1

[Event "Montpellier Masters Festival op"]
[Site "Montpellier"]
[Date "2003.??.??"]
[Round "6.3"]
[White "Flear, Glenn C"]
[Black "Bauer, Christian"]
[Result "0-1"]
[WhiteElo "2527"]
[BlackElo "2589"]
[PlyCount "90"]
[EventDate "2003.07.07"]
[EventType "swiss"]
[EventRounds "7"]
[EventCountry "FRA"]
[Source "Fruth,M"]
[SourceDate "2003.05.15"]

1. d4 f5 2. g3 Nf6 3. Bg2 g6 4. Nf3 Bg7 5. O-O O-O 6. c4 d6 7. Nc3 Qe8 8. b3 e5
9. dxe5 dxe5 10. e4 Nc6 11. Nd5 Qd7 12. Ba3 Rd8 13. Qc2 Nxe4 14. Rad1 Kh8 15.
Ne7 Nd4 16. Nxd4 exd4 17. Bxe4 fxe4 18. Qxe4 Qg4 19. f4 Qe6 20. Qxe6 Bxe6 21.
f5 Bxf5 22. Nxf5 gxf5 23. Rxf5 Kg8 24. Bc1 Rd7 25. Kf2 Rf7 26. Rxf7 Kxf7 27.
Ke2 Re8+ 28. Kd3 c5 29. Rf1+ Kg6 30. Bd2 b6 31. Rf2 h5 32. h3 Bh6 33. Bxh6 Kxh6
34. Rf7 Re3+ 35. Kc2 Rxg3 36. Rxa7 Rxh3 37. Ra6 Kg5 38. Rxb6 h4 39. a4 Rc3+ 40.
Kb2 h3 41. Rb8 Rf3 42. b4 cxb4 43. c5 h2 44. Rh8 Rf2+ 45. Kb3 d3 0-1

[Event "Amplico AIG Life Semifinal, Warsaw POL"]
[Site "?"]
[Date "2004.??.??"]
[Round "1"]
[White "Movsesian, S."]
[Black "Wojtaszek, R."]
[Result "1-0"]
[WhiteElo "2625"]
[BlackElo "2535"]
[PlyCount "127"]
[EventDate "2004.??.??"]
[SourceDate "1999.07.01"]

1. g3 f5 2. Bg2 Nf6 3. d4 g6 4. c3 Bg7 5. Nh3 Nc6 6. O-O e6 7. Nd2 d5 8. Nf3
O-O 9. Nf4 a5 10. Nd3 Ne4 11. Nfe5 Nxe5 12. Nxe5 b6 13. f3 Nd6 14. Bf4 g5 15.
Be3 Ba6 16. Bf2 Nc4 17. Nxc4 Bxc4 18. Re1 e5 19. dxe5 Bxe5 20. b3 Ba6 21. f4
Bxc3 22. Bxd5+ Rf7 23. Bxf7+ Kxf7 24. Qxd8 Rxd8 25. Red1 Bf6 26. Rxd8 Bxd8 27.
Rd1 Ke8 28. Rd5 Bc8 29. fxg5 Be6 30. Re5 Kf7 31. e4 fxe4 32. h4 c5 33. Rxe4 Bc7
34. h5 Bf5 35. Re3 Bd8 36. Rf3 Ke6 37. Be3 Be7 38. Rf2 b5 39. Kg2 c4 40. bxc4
bxc4 41. Bd2 a4 42. Re2+ Kf7 43. Bc3 Bd3 44. Re5 a3 45. Ra5 Ke6 46. Ra6+ Kf7
47. Ra5 Ke6 48. Kf3 Bd6 49. Ra6 Kd5 50. g6 hxg6 51. h6 g5 52. Ra5+ Ke6 53. Ra7
Be7 54. Ra6+ Kf7 55. Kg4 Be2+ 56. Kf5 Bd3+ 57. Ke5 Bf8 58. Kd5 g4 59. Rf6+ Kg8
60. Bd2 Be7 61. Rb6 Kf7 62. Rb7 Kf8 63. Ke6 c3 64. Rb8+ 1-0

[Event "Mirko Srajber mem 8th"]
[Site "Subotica"]
[Date "2003.12.06"]
[Round "9"]
[White "Sedlak, Nikola"]
[Black "Markus, Robert"]
[Result "1/2-1/2"]
[WhiteElo "2543"]
[BlackElo "2522"]
[PlyCount "25"]
[EventDate "2003.11.06"]
[EventType "tourn"]
[EventRounds "11"]
[EventCountry "YUG"]
[EventCategory "10"]
[Source "ChessBase"]
[SourceDate "2004.03.30"]

1. d4 f5 2. g3 Nf6 3. Bg2 g6 4. c3 Bg7 5. Qb3 Nc6 6. Nd2 d5 7. Ndf3 e6 8. Nh3
Qe7 9. Nf4 O-O 10. Nd3 b6 11. Bf4 Bb7 12. O-O Ne4 13. Nfe5 1/2-1/2

[Event "Amsterdam ACT op"]
[Site "Amsterdam"]
[Date "2004.07.20"]
[Round "4"]
[White "Sandipan, Chanda"]
[Black "Nijboer, Friso"]
[Result "1/2-1/2"]
[WhiteElo "2555"]
[BlackElo "2568"]
[PlyCount "138"]
[EventDate "2004.07.17"]
[EventType "swiss"]
[EventRounds "9"]
[EventCountry "NED"]
[Source "ChessBase"]
[SourceDate "2004.09.01"]

1. d4 f5 2. g3 Nf6 3. Bg2 g6 4. Nf3 Bg7 5. O-O O-O 6. b3 d6 7. Bb2 Ne4 8. Nfd2
d5 9. c4 e6 10. Nxe4 dxe4 11. Qd2 Rf7 12. Rd1 Rd7 13. d5 Bxb2 14. Qxb2 c6 15.
Nc3 cxd5 16. cxd5 exd5 17. Rd2 b6 18. Rad1 Bb7 19. b4 Na6 20. Qb3 Nc7 21. f3 e3
22. Rd3 Qe7 23. f4 Kg7 24. Nxd5 Nxd5 25. Bxd5 Bxd5 26. Rxd5 Rxd5 27. Rxd5 Rc8
28. Re5 Rc1+ 29. Kg2 Qb7+ 30. Kh3 Rg1 31. Rd5 Kh6 32. Qd3 Qc6 33. Qd4 Qc1 34.
Rxf5 Qf1+ 35. Kh4 Qxe2 36. h3 Qf3 37. Rg5 Rxg3 38. Rh5+ Qxh5+ 39. Kxg3 Qe2 40.
Qf6 Qe1+ 41. Kf3 Qf1+ 42. Kg4 Qg1+ 43. Kh4 Qe1+ 44. Kg4 Qxb4 45. Qg5+ Kg7 46.
Qe5+ Kf7 47. Qxe3 Qd6 48. Qf3 Qe6+ 49. Kg3 Qxa2 50. Qb7+ Kf6 51. Qxh7 Qb3+ 52.
Kh4 Qf7 53. Qh8+ Qg7 54. Qd8+ Qe7 55. Qd4+ Kf5+ 56. Kg3 Qa3+ 57. Kh4 Qc5 58.
Qd3+ Kf6 59. Qd8+ Kf7 60. Kg3 Qe3+ 61. Kg4 a5 62. Qh8 Qe6+ 63. Kg3 a4 64. Qh7+
Kf8 65. Qh8+ Ke7 66. Qg7+ Ke8 67. Qh8+ Kf7 68. Qh7+ Kf6 69. Qh8+ Kf7 1/2-1/2

[Event "POL-chT"]
[Site "Dzwirzyno"]
[Date "2004.09.??"]
[Round "?"]
[White "Jaracz, Pawel"]
[Black "Bartel, Mateusz"]
[Result "1/2-1/2"]
[WhiteElo "2536"]
[BlackElo "2501"]
[PlyCount "66"]
[EventDate "2004.09.04"]
[EventType "team"]
[EventRounds "9"]
[EventCountry "POL"]
[Source "ChessBase"]
[SourceDate "2004.11.03"]

1. d4 f5 2. g3 Nf6 3. Bg2 g6 4. c4 Bg7 5. Nc3 O-O 6. Nh3 Nc6 7. O-O d6 8. d5
Ne5 9. b3 c6 10. Bb2 e6 11. dxc6 bxc6 12. Nf4 Rb8 13. Na4 Qc7 14. Qc2 Nf7 15.
e3 g5 16. Ne2 c5 17. Rad1 Bb7 18. Bxb7 Qxb7 19. Bxf6 Bxf6 20. f4 h5 21. h3 Rbd8
22. Kh2 Kh8 23. Nac3 Rg8 24. e4 h4 25. exf5 hxg3+ 26. Nxg3 gxf4 27. Rxf4 Rxg3
28. Kxg3 Be5 29. Rdf1 Nh6 30. Ne2 Nxf5+ 31. Kf2 Bxf4 32. Nxf4 Qf7 33. Qe2 Nd4
1/2-1/2

[Event "POL-chT"]
[Site "Dzwirzyno"]
[Date "2004.09.??"]
[Round "?"]
[White "Urban, Klaudiusz"]
[Black "Jakubiec, Artur"]
[Result "1/2-1/2"]
[WhiteElo "2504"]
[BlackElo "2565"]
[PlyCount "29"]
[EventDate "2004.09.04"]
[EventType "team"]
[EventRounds "9"]
[EventCountry "POL"]
[Source "ChessBase"]
[SourceDate "2004.11.03"]

1. d4 f5 2. g3 Nf6 3. Bg2 g6 4. c4 Bg7 5. Nc3 O-O 6. Nh3 e6 7. d5 Qe7 8. O-O
Na6 9. Nf4 d6 10. Nxe6 Bxe6 11. dxe6 c6 12. Bf4 Rad8 13. Be3 Nc5 14. b4 Nfe4
15. Nxe4 1/2-1/2

[Event "Groningen Harmonie"]
[Site "Groningen"]
[Date "2004.12.27"]
[Round "6"]
[White "Gagunashvili, Merab"]
[Black "Ernst, Sipke"]
[Result "0-1"]
[WhiteElo "2567"]
[BlackElo "2521"]
[PlyCount "88"]
[EventDate "2004.12.21"]
[EventType "tourn"]
[EventRounds "9"]
[EventCountry "NED"]
[EventCategory "10"]
[Source "ChessBase"]
[SourceDate "2005.04.01"]

1. d4 f5 2. g3 Nf6 3. Bg2 g6 4. c3 d6 5. Qb3 Nc6 6. Nf3 e5 7. dxe5 dxe5 8. O-O
Qe7 9. Bg5 Bg7 10. Na3 Rb8 11. e4 Be6 12. Qb5 a6 13. Qe2 O-O 14. exf5 Bxf5 15.
Rfe1 Rbe8 16. Nc4 Qe6 17. Bxf6 Qxf6 18. Nfd2 b5 19. Ne3 e4 20. Nd5 Qf7 21. Nxe4
Ne5 22. Ng5 Qd7 23. Rad1 Bg4 24. Qc2 Bxd1 25. Rxd1 Qd8 26. h4 Kh8 27. Nf4 Qf6
28. Nd5 Qd6 29. Ne4 Qc6 30. Nb4 Qb6 31. Nd5 Qc6 32. Nb4 Qb6 33. Nd5 Qa7 34. h5
c6 35. Nf4 Bh6 36. Nd6 Re7 37. hxg6 Bxf4 38. Nf5 Bxg3 39. Rd4 c5 40. Rd5 Bf4
41. Nxe7 Qxe7 42. gxh7 Ng4 43. Qe4 Bh2+ 44. Kf1 Ne3+ 0-1

[Event "Jinan Torch Cup"]
[Site "Wuxi"]
[Date "2005.05.11"]
[Round "10"]
[White "Gagunashvili, Merab"]
[Black "Zhang Zhong"]
[Result "1/2-1/2"]
[WhiteElo "2547"]
[BlackElo "2599"]
[PlyCount "111"]
[EventDate "2005.05.08"]
[EventType "team"]
[EventRounds "13"]
[EventCountry "CHN"]
[Source "ChessBase"]
[SourceDate "2005.07.11"]

1. d4 f5 2. g3 Nf6 3. Bg2 g6 4. c3 Bg7 5. Qb3 Nc6 6. Nd2 b6 7. Ngf3 d5 8. O-O
e6 9. Ne1 O-O 10. Nd3 Bb7 11. Nf3 Ne4 12. Qc2 Qe7 13. b3 g5 14. a4 Rf7 15. Ba3
Qe8 16. b4 g4 17. Nfe5 Nxe5 18. dxe5 h5 19. Bc1 Qd8 20. f3 Ng5 21. Bxg5 Qxg5
22. f4 Qh6 23. c4 dxc4 24. Bxb7 cxd3 25. Qxd3 Rb8 26. Bc6 Bf8 27. Rab1 h4 28.
Rfd1 Be7 29. Rb3 hxg3 30. hxg3 Rd8 31. Qxd8+ Bxd8 32. Rxd8+ Rf8 33. Rbd3 Rxd8
34. Rxd8+ Kf7 35. Rc8 Kg6 36. Be8+ Kh7 37. Rxc7+ Kh8 38. Bc6 Qf8 39. b5 Qa3 40.
Kf2 Qxa4 41. Rd7 Qa3 42. Rd6 Qc5+ 43. Kg2 Qc4 44. Rd8+ Kg7 45. Rd7+ Kf8 46.
Rd8+ Kg7 47. Rd7+ Kg6 48. Re7 Qxe2+ 49. Kg1 Qe3+ 50. Kg2 Qd2+ 51. Kg1 Qc1+ 52.
Kg2 Qb2+ 53. Kg1 Qb1+ 54. Kg2 Qc2+ 55. Kg1 Qd3 56. Kg2 1/2-1/2

[Event "Amsterdam ACT op"]
[Site "Amsterdam"]
[Date "2005.07.22"]
[Round "7"]
[White "Khenkin, Igor"]
[Black "Nijboer, Friso"]
[Result "1-0"]
[WhiteElo "2610"]
[BlackElo "2529"]
[PlyCount "47"]
[EventDate "2005.07.16"]
[EventType "swiss"]
[EventRounds "9"]
[EventCountry "NED"]
[Source "ChessBase"]
[SourceDate "2005.09.02"]

1. d4 f5 2. g3 Nf6 3. Bg2 g6 4. c3 Nc6 5. Nd2 d6 6. d5 Ne5 7. Ndf3 Bg7 8. Nd4
Bd7 9. Nh3 c5 10. Ne6 Bxe6 11. dxe6 d5 12. Qa4+ Nc6 13. O-O Qb6 14. Rd1 O-O 15.
Bxd5 Nxd5 16. Rxd5 Rad8 17. Nf4 Ne5 18. Rxd8 Rxd8 19. Be3 Qxb2 20. Rd1 Rxd1+
21. Qxd1 Qb5 22. Qd8+ Bf8 23. Nd3 Ng4 24. Bxc5 1-0

[Event "Politiken Cup"]
[Site "Copenhagen"]
[Date "2005.07.24"]
[Round "10"]
[White "Schandorff, Lars"]
[Black "Danielsen, Henrik"]
[Result "1/2-1/2"]
[WhiteElo "2519"]
[BlackElo "2511"]
[PlyCount "39"]
[EventDate "2005.07.16"]
[EventType "swiss"]
[EventRounds "10"]
[EventCountry "DEN"]
[Source "ChessBase"]
[SourceDate "2005.09.02"]

1. d4 f5 2. g3 Nf6 3. Bg2 g6 4. Nf3 Bg7 5. O-O O-O 6. b4 Nc6 7. b5 Na5 8. Qd3
d5 9. a4 Ne4 10. Na3 Be6 11. Ng5 Bf7 12. Rb1 Rc8 13. Nxf7 Rxf7 14. c4 Nxc4 15.
Nxc4 dxc4 16. Qxc4 Qxd4 17. Qxd4 Bxd4 18. Bxe4 fxe4 19. Rb4 Bc5 20. Rxe4
1/2-1/2

[Event "Warsaw AIG Life rapid"]
[Site "Warsaw"]
[Date "2005.12.17"]
[Round "6"]
[White "Kortschnoj, Viktor"]
[Black "Malaniuk, Vladimir P"]
[Result "1/2-1/2"]
[WhiteElo "2620"]
[BlackElo "2526"]
[PlyCount "111"]
[EventDate "2005.12.17"]
[EventType "swiss (rapid)"]
[EventRounds "13"]
[EventCountry "POL"]
[Source "ChessBase"]
[SourceDate "2006.03.10"]

1. d4 f5 2. g3 Nf6 3. Bg2 g6 4. Nh3 Nc6 5. Nf4 Bg7 6. h4 e5 7. dxe5 Nxe5 8. h5
Qe7 9. Nd2 c6 10. hxg6 hxg6 11. Rxh8+ Bxh8 12. Nf3 Nfg4 13. Nxe5 Nxe5 14. Bd2
d5 15. Bc3 Bf6 16. Bxd5 Bd7 17. Bg2 O-O-O 18. Qc1 Nc4 19. Bxf6 Qxf6 20. c3 g5
21. Nd3 Be6 22. b3 Nd6 23. Nc5 Bf7 24. Qe3 Nb5 25. Rc1 Re8 26. Qd2 Rd8 27. Nd3
Kb8 28. c4 Nd4 29. e3 Qe7 30. Kf1 Ne6 31. Qc3 Ka8 32. Kg1 Bh5 33. b4 f4 34. Ne5
Rc8 35. g4 Be8 36. Rd1 fxe3 37. fxe3 Nf8 38. Be4 Bd7 39. Qd4 Be6 40. Qd6 Qxd6
41. Rxd6 Kb8 42. Rd4 Re8 43. Nf3 Bxg4 44. Nxg5 Bc8 45. Kf2 Kc7 46. c5 Nd7 47.
Bf5 Ne5 48. Bxc8 Kxc8 49. Ne4 Rf8+ 50. Ke2 Rh8 51. Nf2 Kc7 52. Re4 Rh5 53. a3
b6 54. Kf1 bxc5 55. bxc5 Nd7 56. Ra4 1/2-1/2

[Event "Moscow op"]
[Site "Moscow"]
[Date "2006.02.05"]
[Round "8"]
[White "Grachev, Boris"]
[Black "Najer, Evgeniy"]
[Result "1-0"]
[WhiteElo "2510"]
[BlackElo "2652"]
[PlyCount "79"]
[EventDate "2006.01.29"]
[EventType "swiss"]
[EventRounds "9"]
[EventCountry "RUS"]
[Source "ChessBase"]
[SourceDate "2006.03.10"]

1. d4 f5 2. g3 Nf6 3. Bg2 g6 4. Nf3 Bg7 5. O-O O-O 6. b4 d5 7. Bb2 Ne4 8. Nbd2
Be6 9. c4 Nxd2 10. Nxd2 Nc6 11. Nb3 dxc4 12. Nc5 Bd5 13. Nxb7 Qd7 14. Nc5 Qd6
15. Nb7 Qe6 16. Nc5 Qf7 17. f3 f4 18. Qd2 e5 19. dxe5 fxg3 20. e6 gxh2+ 21.
Kxh2 Bxe6 22. Bxg7 Kxg7 23. f4 Ne7 24. Bxa8 Rxa8 25. e4 Kg8 26. Rac1 Bg4 27.
Kg3 h5 28. Rf2 Nc8 29. Qd8+ Kh7 30. Na6 Nb6 31. Qxc7 Qxc7 32. Nxc7 Rd8 33. Nd5
Nxd5 34. exd5 Rxd5 35. Rxc4 Rd3+ 36. Kh2 Ra3 37. Rc5 h4 38. Ra5 Rh3+ 39. Kg1
Kh6 40. Rh2 1-0

[Event "FRA-chT Top 16 GpA"]
[Site "Montpellier"]
[Date "2006.04.02"]
[Round "7"]
[White "Komarov, Dimitri"]
[Black "Bauer, Christian"]
[Result "1-0"]
[WhiteElo "2516"]
[BlackElo "2627"]
[PlyCount "59"]
[EventDate "2006.03.03"]
[EventType "team"]
[EventRounds "11"]
[EventCountry "FRA"]
[Source "ChessBase"]
[SourceDate "2006.05.09"]

1. d4 f5 2. g3 Nf6 3. Bg2 g6 4. c4 Bg7 5. Nc3 O-O 6. Nf3 d6 7. O-O Qe8 8. Re1
Qf7 9. b3 Ne4 10. Bb2 Nc6 11. Rc1 e6 12. a3 h6 13. b4 Bd7 14. Qd3 d5 15. Nb1 a6
16. Nbd2 g5 17. Ne5 Nxe5 18. dxe5 Bc6 19. cxd5 exd5 20. Nb3 Rae8 21. Na5 Bb5
22. Qc2 b6 23. Nc6 g4 24. f3 Ng5 25. fxg4 fxg4 26. Rf1 Qe6 27. Rxf8+ Kxf8 28.
Rf1+ Kg8 29. Nd4 Qxe5 30. Qg6 1-0

[Event "Biel MTO op"]
[Site "Biel"]
[Date "2006.08.04"]
[Round "11"]
[White "Roiz, Michael"]
[Black "Bauer, Christian"]
[Result "1/2-1/2"]
[WhiteElo "2611"]
[BlackElo "2599"]
[PlyCount "29"]
[EventDate "2006.07.24"]
[EventType "swiss"]
[EventRounds "11"]
[EventCountry "SUI"]
[Source "ChessBase"]
[SourceDate "2006.09.14"]

1. d4 f5 2. g3 Nf6 3. Bg2 g6 4. Nf3 Bg7 5. O-O O-O 6. c4 d6 7. Nc3 Qe8 8. d5 a5
9. Nd4 Na6 10. e4 fxe4 11. Nxe4 Nxe4 12. Bxe4 Nc5 13. Bg2 Bd7 14. Be3 Qf7 15.
Qd2 1/2-1/2

[Event "Pardubice op-A"]
[Site "Pardubice"]
[Date "2006.07.27"]
[Round "7"]
[White "Iljin, Artem"]
[Black "Najer, Evgeniy"]
[Result "1/2-1/2"]
[WhiteElo "2508"]
[BlackElo "2677"]
[PlyCount "49"]
[EventDate "2006.07.21"]
[EventType "swiss"]
[EventRounds "9"]
[EventCountry "CZE"]
[Source "ChessBase"]
[SourceDate "2006.09.14"]

1. d4 f5 2. g3 Nf6 3. Bg2 g6 4. c3 Bg7 5. Qb3 Nc6 6. Nd2 a5 7. e4 fxe4 8. Nxe4
Nxe4 9. Bxe4 a4 10. Qc4 e6 11. Qe2 O-O 12. f4 b6 13. Nf3 Ba6 14. Bd3 Bxd3 15.
Qxd3 Qf6 16. O-O Qf5 17. Rd1 d6 18. Qc4 Na5 19. Qe2 Rae8 20. Re1 e5 21. dxe5
dxe5 22. Nxe5 Bxe5 23. fxe5 Rxe5 24. Qxe5 Qf2+ 25. Kh1 1/2-1/2

[Event "CHN-ch"]
[Site "Wuxi"]
[Date "2006.06.26"]
[Round "2"]
[White "Li Shilong"]
[Black "Zhang Zhong"]
[Result "0-1"]
[WhiteElo "2539"]
[BlackElo "2640"]
[PlyCount "78"]
[EventDate "2006.06.25"]
[EventType "tourn"]
[EventRounds "11"]
[EventCountry "CHN"]
[EventCategory "14"]
[Source "ChessBase"]
[SourceDate "2006.09.14"]

1. d4 f5 2. g3 Nf6 3. Bg2 g6 4. Nf3 Bg7 5. O-O O-O 6. c4 d6 7. b3 Qe8 8. Bb2
Na6 9. Nbd2 c5 10. d5 b5 11. a3 Rb8 12. Bc3 h6 13. Qc2 Qf7 14. Nh4 Nh5 15. e4
Bxc3 16. Qxc3 f4 17. e5 g5 18. e6 Qg7 19. Qxg7+ Kxg7 20. Bf3 gxh4 21. Bxh5 bxc4
22. bxc4 Rb2 23. Nf3 hxg3 24. fxg3 Nc7 25. Bf7 Ba6 26. Nh4 Bxc4 27. Nf5+ Kf6
28. Rxf4 Nxd5 29. Rxc4 Kxf5 30. Rf1+ Ke5 31. Rh4 Nc3 32. Rh5+ Kd4 33. Rh4+ Ke3
34. Rxh6 c4 35. g4 Ne2+ 36. Kh1 c3 37. Rh3+ Kd2 38. Rd3+ Kxd3 39. Bg6+ Ke3 0-1

[Event "Harmonie Open A"]
[Site "Groningen NED"]
[Date "2007.12.28"]
[Round "7"]
[White "Li Shilong"]
[Black "Reinderman, D."]
[Result "1-0"]
[WhiteElo "2509"]
[BlackElo "2510"]
[PlyCount "55"]
[EventDate "2007.12.21"]
[SourceDate "1999.07.01"]

1. d4 f5 2. g3 Nf6 3. Bg2 g6 4. c4 Bg7 5. Nc3 O-O 6. Nf3 d6 7. O-O c6 8. Qb3
Na6 9. Rd1 Kh8 10. a4 Qc7 11. Qa3 e5 12. dxe5 dxe5 13. b4 Re8 14. c5 Be6 15.
Nxe5 Nd5 16. Nxd5 Qxe5 17. Bf4 Qb2 18. Qxb2 Bxb2 19. Rab1 Bg7 20. b5 cxd5 21.
bxa6 bxa6 22. Bxd5 Rac8 23. Bxe6 Rxe6 24. Rb7 Bf8 25. Rdd7 Bxc5 26. Rxh7+ Kg8
27. Rbg7+ Kf8 28. Bh6 1-0

[Event "KNSB TCh-NED 2007-8"]
[Site "Netherlands NED"]
[Date "2007.12.15"]
[Round "5"]
[White "Khenkin, I."]
[Black "Reinderman, D."]
[Result "1/2-1/2"]
[WhiteElo "2600"]
[BlackElo "2510"]
[PlyCount "57"]
[EventDate "2007.09.15"]
[SourceDate "1999.07.01"]

1. d4 f5 2. g3 Nf6 3. Bg2 g6 4. Nd2 Bg7 5. c3 Nc6 6. e4 fxe4 7. Nxe4 Nxe4 8.
Bxe4 d5 9. Bg2 e5 10. dxe5 Nxe5 11. f4 Bg4 12. Ne2 Nd7 13. h3 Be6 14. Nd4 Bf7
15. Qe2+ Qe7 16. Qxe7+ Kxe7 17. O-O Bxd4+ 18. cxd4 Be6 19. g4 Nf6 20. f5 gxf5
21. gxf5 Bd7 22. Bf4 c6 23. Rae1+ Kf7 24. Re5 Rhg8 25. Kh2 Rae8 26. Bf3 Re7 27.
Rfe1 Ne4 28. Bg4 Bc8 29. Re3 1/2-1/2

[Event "7th Amplico AIG Life Gp4"]
[Site "Warsaw POL"]
[Date "2007.12.16"]
[Round "3"]
[White "Aleksandrov, A."]
[Black "Bartel, Mat"]
[Result "1/2-1/2"]
[WhiteElo "2614"]
[BlackElo "2608"]
[PlyCount "84"]
[EventDate "2007.12.16"]
[SourceDate "1999.07.01"]

1. d4 f5 2. g3 Nf6 3. Bg2 g6 4. Nf3 Bg7 5. O-O O-O 6. c3 Ne4 7. Nbd2 d5 8. Ne5
c5 9. Nxe4 fxe4 10. Be3 cxd4 11. cxd4 Nc6 12. Nxc6 bxc6 13. Qd2 Qb6 14. Rac1
Bd7 15. Rc2 Rf7 16. Rfc1 Raf8 17. b3 h5 18. h4 Kh7 19. Rc5 Qb8 20. b4 e5 21.
Rf1 Bg4 22. Rxc6 Qb5 23. Rc5 Qxe2 24. dxe5 Qxd2 25. Bxd2 Rd7 26. Bf4 Re8 27. f3
exf3 28. Bxf3 Bxf3 29. Rxf3 Bxe5 30. Bxe5 Rxe5 31. Kf2 Kg7 32. Rc2 d4 33. Rf4
Rf5 34. Rxf5 gxf5 35. Rc6 d3 36. Ke1 Rd4 37. Kd2 Rg4 38. Kxd3 Rxg3+ 39. Kd4
Rg4+ 40. Ke5 Rxh4 41. Kxf5 Rxb4 42. Rc7+ Kh6 1/2-1/2

[Event "16th Monarch Assurance"]
[Site "Port Erin IOM"]
[Date "2007.09.28"]
[Round "7"]
[White "Drozdovskij, Y."]
[Black "Bartel, Mat"]
[Result "1/2-1/2"]
[WhiteElo "2567"]
[BlackElo "2609"]
[PlyCount "74"]
[EventDate "2007.09.22"]
[SourceDate "1999.07.01"]

1. d4 f5 2. g3 Nf6 3. Bg2 g6 4. Nf3 Bg7 5. O-O O-O 6. c4 d6 7. Nc3 Nc6 8. d5
Na5 9. Qa4 c5 10. dxc6 Nxc6 11. Rd1 Kh8 12. Qc2 Be6 13. b3 Rc8 14. Bb2 Qa5 15.
e3 h6 16. Qe2 g5 17. a3 Bf7 18. b4 Qd8 19. Nd5 e5 20. Nxf6 Qxf6 21. c5 dxc5 22.
b5 g4 23. bxc6 gxf3 24. Bxf3 bxc6 25. Rd7 Rb8 26. Rad1 Qe6 27. Ba1 Qb3 28. Rxa7
Rfd8 29. Rxd8+ Rxd8 30. Kg2 Bc4 31. Qe1 Bd5 32. e4 fxe4 33. Bxe4 Qc4 34. Bxd5
Qxd5+ 35. Kh3 Qe6+ 36. Kg2 Qd5+ 37. Kh3 Qe6+ 1/2-1/2

[Event "16th Monarch Assurance"]
[Site "Port Erin IOM"]
[Date "2007.09.24"]
[Round "3"]
[White "Yakovich, Yur"]
[Black "Bartel, Mat"]
[Result "0-1"]
[WhiteElo "2597"]
[BlackElo "2609"]
[PlyCount "98"]
[EventDate "2007.09.22"]
[SourceDate "1999.07.01"]

1. d4 f5 2. g3 Nf6 3. Bg2 g6 4. Nf3 Bg7 5. O-O O-O 6. c4 d6 7. Nc3 Nc6 8. d5
Na5 9. Qd3 e5 10. dxe6 Bxe6 11. b3 Nc6 12. Ng5 Bd7 13. Bb2 h6 14. Nh3 Ne4 15.
Rac1 Nb4 16. Qe3 Re8 17. Nxe4 Bxb2 18. Qxh6 fxe4 19. Qxg6+ Bg7 20. Ng5 Qf6 21.
Qxf6 Bxf6 22. Nxe4 Bb2 23. a3 Nc6 24. Rcd1 Kg7 25. Nc5 Bg4 26. Nxb7 Nd4 27. Na5
Bxe2 28. Bxa8 Rxa8 29. Rfe1 Nf3+ 30. Kg2 Nxe1+ 31. Rxe1 Re8 32. Rb1 Bd4 33. Nc6
Bd3 34. Rd1 Be4+ 35. Kf1 Bxf2 36. Kxf2 Bxc6 37. Rd4 Be4 38. b4 Kf6 39. Ke3 Bf5+
40. Kd2 Rh8 41. h4 Rg8 42. Rd5 Rxg3 43. Ra5 Rd3+ 44. Ke2 Rc3 45. c5 dxc5 46.
bxc5 Ke5 47. h5 Kf4 48. Rxa7 Rc2+ 49. Kd1 Rxc5 0-1